000 00693nam a2200217Ii 4500
003 JO-AjNU
008 230606s9999||||xx |||||||||||||| ||und||
020 _a978-8-566-57867-5
040 _aJO-AjNU
_beng
_erda
_cJO-AjNU
041 _aeng
050 1 4 _aQA76.9.2020
100 3 _a Richards,William,
_eauthor
_96661
245 0 0 _aCybersecurity and Cyberwar In 2021 For Beginners: Network Topolgies, Protocols, and Strategies. Measures to Secure your Cyber Networks
250 _a1ed
264 3 1 _aUSA: Las Vegas, 2020
300 _a229p
336 _atext
_btxt
_2rdacontent
337 _aunmediated
_bn
_2rdamedia
338 _avolume
_bnc
_2rdacarrier
650 4 _aCybersecurity
_96662
999 _aE3457
_c3451
_d3451